ՀՀ Գիտությունների ազգային ակադեմիայի հիմնարար գիտական գրադարան  =   Fundamental Scientific Library of NAS RA

Основные закономерности развития и металлогения областей тектоно-магматической активизации юга азиатской части СССР / (Record no. 392832)

MARC details
000 -LEADER
fixed length control field 01057nam a2200229 a 4500
001 - CONTROL NUMBER
control field 000139213
003 - CONTROL NUMBER IDENTIFIER
control field AM-YeHGA
005 - DATE AND TIME OF LATEST TRANSACTION
control field 20250617153509.0
008 - FIXED-LENGTH DATA ELEMENTS--GENERAL INFORMATION
fixed length control field 030329s1979 ||||||||||||||||||||rus d
040 ## - CATALOGING SOURCE
Original cataloging agency AM-YeHGA
090 ## - LOCALLY ASSIGNED LC-TYPE CALL NUMBER (OCLC); LOCAL CALL NUMBER (RLIN)
-- 394855
245 00 - TITLE STATEMENT
Title Основные закономерности развития и металлогения областей тектоно-магматической активизации юга азиатской части СССР /
Statement of responsibility, etc. В.А. Амантов и др. ; Отв. ред. В.К. Путинцев и Г.Н. Шапошников.
246 31 - VARYING FORM OF TITLE
Title proper/short title Main regularities of regions of tectono-magmatic activisation of the Asian part of the USSR
260 ## - PUBLICATION, DISTRIBUTION, ETC.
Place of publication, distribution, etc. Ленинград :
Name of publisher, distributor, etc. Недра. Ленингр. отд-ние,
Date of publication, distribution, etc. 1979.
300 ## - PHYSICAL DESCRIPTION
Extent 303 с.
650 14 - SUBJECT ADDED ENTRY--TOPICAL TERM
Topical term or geographic name entry element Геология
700 1# - ADDED ENTRY--PERSONAL NAME
Personal name Амантов, В.А.
700 1# - ADDED ENTRY--PERSONAL NAME
Personal name Быковская, Е.В.
700 1# - ADDED ENTRY--PERSONAL NAME
Personal name Генко, Г.А.
700 1# - ADDED ENTRY--PERSONAL NAME
Personal name Путинцев, В.К.
Relator term ред.
Relationship edt
700 1# - ADDED ENTRY--PERSONAL NAME
Personal name Шапошников, Г.Н.
Relator term ред.
Relationship edt
Holdings
Withdrawn status Lost status Source of classification or shelving scheme Damaged status Not for loan Collection Home library Current library Date acquired Total checkouts Full call number Barcode Date last seen Price effective from Koha item type Public note
    Universal Decimal Classification     General Fundamental Scientific Library Fundamental Scientific Library 10/10/2017   РII/443944 FL0463731 10/10/2017 10/10/2017 Գրքեր / Books 30 Days Loan


ՀՀ ԳԱԱ հիմնարար գիտական գրադարան
ՀՀ,Երևան 0019
Մարշալ Բաղրամյան 24/6
հեռախոս:(374-10) 52-47-50
Հետադարձ կապ

All site content, except where otherwise noted, is licensed under a
Creative Commons License